LEADER 01287nam 2200349Ia 450 001 996392643003316 005 20221108082707.0 035 $a(CKB)1000000000677570 035 $a(EEBO)2240901843 035 $a(OCoLC)11824451 035 $a(EXLCZ)991000000000677570 100 $a19850319d1682 uy | 101 0 $aeng 135 $aurbn||||a|bb| 200 12$aA strange relation of the suddain and violent tempest, which happened at Oxford May 31, Anno Domini 1682$b[electronic resource] $etogether with an enquiry into the probable cause and usual consequents of such like tempests and storms 210 $a[S.l.] $cPrinted for Richard Sherlock ...$d1682 215 $a[2], 12 p 300 $aAttributed to Robert Harrison. Cf. Halkett & Laing (2nd ed.). 300 $aReproduction of original in Harvard University Libraries. 330 $aeebo-0062 606 $aStorms$zEngland 607 $aOxford (England)$xClimate 615 0$aStorms 700 $aHarrison$b Robert$f17th cent.$01005642 801 0$bEAA 801 1$bEAA 801 2$bm/c 801 2$bWaOLN 906 $aBOOK 912 $a996392643003316 996 $aA strange relation of the suddain and violent tempest, which happened at Oxford May 31, Anno Domini 1682$92312517 997 $aUNISA